Statistics for Castaway- 5 Seconds of Summer Lyrics

Click here to take the quiz!

General Stats

  • This quiz has been taken 49 times
  • The average score is 189 of 229

Answer Stats

HintAnswer% Correct
castaway
100%
a
96%
you
96%
I
93%
i
93%
and
89%
ever
89%
I'm
89%
i'm
89%
just
89%
on
89%
the
89%
we
89%
after
86%
but
86%
Pre-chorus | pre-choruscause
86%
far
86%
from
86%
is
86%
left
86%
me
86%
my
86%
no
86%
nothing
86%
Intro | post-chorusoh
86%
picture
86%
where
86%
away
82%
chapter
82%
close
82%
like
82%
lonely
82%
off
82%
out
82%
so
82%
there's
82%
to
82%
yesterday
82%
asking
79%
can't
79%
fast
79%
frames
79%
i'll
79%
in
79%
keep
79%
myself
79%
walked
79%
drift
75%
escape
75%
faster
75%
heart
75%
heartbreak
75%
Breakdown | Chorushow'd
75%
love
75%
never
75%
right
75%
ship
75%
sinking
75%
stranded
75%
that
75%
Verse 1young
75%
your
75%
Verse 2all
71%
fell
71%
see
71%
trying
71%
yeah
71%
ended
68%
fingers
68%
good
68%
hold
68%
save
68%
slip
68%
these
68%
through
68%
closed
64%
disappearing
64%
eyes
64%
memories
64%
now
64%
times
64%
linger
61%
night
61%
screaming
61%
whispers
61%
conversations
57%
hands
57%
late
57%

Score Distribution

Percentile by Number Answered

Percent of People with Each Score

Your Score History

You have not taken this quiz